000
00319nam a2200133Ia 4500
008
190216s9999||||xx |||||||||||||| ||und||
100
_a
Roberts.J.B
245
0
_a
Real Number System In An Algebric Setting
250
_a
FIRST
260
_b
Freeman &comp
_c
1962
300
_a
145
650
_a
Mathematics
942
_c
BK
999
_c
30844
_d
30844